| 000 | 01282nam a2200313 a 4500 | ||
|---|---|---|---|
| 001 | BRCA_3065 | ||
| 005 | 20190320204107.0 | ||
| 008 | 260109s1800----gw-#---###---#000-0#fre-u | ||
| 041 | _afre | ||
| 044 | _agw | ||
| 084 |
_a370 _b.F55 _c1800 |
||
| 100 | 1 |
_aCervantes Saavedra, Miguel de _d1547-1616 _9213 |
|
| 245 | 1 | 0 |
_aDon Quichotte de la Manche _cMiguel de Cervantes Saavedra ; Traduit de L´Espagnol par Florian. |
| 260 |
_aLeipzig _bGérard Fleischer _c1800 |
||
| 300 |
_a3 v. _c17 cm. |
||
| 500 | _aContenido : v 1. Primera parte. Advertencia del traductor. Prólogo del autor. Texto. -- v 2. Texto. Segunda parte. Prefacio del traductor. Prólogo del autor. Texto. -- v 3. Texto | ||
| 500 | _aEdición : Nouvelle edition | ||
| 500 | _aEjemplar igual al LO-369, pero sin láminas Lúdovik Osterc | ||
| 500 | _aQM297 | ||
| 546 | _aTexto en : francés | ||
| 650 | 1 | 4 |
_aNovela española _yÉpoca clásica, 1500-1700 _9215 |
| 650 | 1 | 4 |
_aLiteratura española _yÉpoca clásica, 1500-1700 _9216 |
| 650 | 1 | 4 |
_aNovela española _ySiglo XVII _9217 |
| 650 | 1 | 4 |
_aDon Quijote (Personaje ficticio) _eNovela _9218 |
| 700 | 1 |
_aFlorian, Jean-Pierre Claris de _d1755-1794 _eTraductor _98387 |
|
| 740 | 0 | _aEl Ingenioso Hidalgo Don Quijote de la Mancha | |
| 902 | _aQFM | ||
| 942 |
_2lcc _cB |
||
| 999 |
_c2801 _d2801 |
||